000 00758nam a2200217Ii 4500
003 JO-AjNU
008 230605s9999||||xx |||||||||||||| ||und||
017 _a2002/9/2173
040 _aJO-AjNU
_bara
_erda
_cJO-AjNU
041 _aara
050 1 4 _aDS62.8.M3412 2002
100 3 _aتاليف وترجمة ملكاوي، بشار عدنان,
_eauthor
_933732
245 0 0 _aتأثر مبادىء العقد عند حلول أزمة سياسية: مثال الشرق الاوسط منذ 1945
250 _aط1
264 3 1 _aعمان: (د.ن)، 2002
300 _a352ص
336 _atext
_btxt
_2rdacontent
337 _aunmediated
_bn
_2rdamedia
338 _avolume
_bnc
_2rdacarrier
650 4 _aازمة سياسية - الشرق الاوسط
_933733
999 _aA13759
_c17327
_d17327